00707cam a22002051 4500001001300000003000400013005001700017008004100034010001700075040001800092043001200110050002500122245015400147260003800301300002000339610005300359610004000412650003200452999001700484ltf91029350 DLC20260227111552.0910308s1919 mx 000 0 spa  altf91029350  aDLCcDLCdDLC an-mx---00aKGF138.H54bA67 191903aLa aprehensión y detención del señor Adrian Jean, gerente de la Sociedad Veyan Jean y Cia., sociedad en comandita;bsu fuga y su extradición. aMéxico,bImpr. Victoria,c1919. a80 p. ;c23 cm.20aCompañía de Hierro y Acero de México, S.A.20aVeyan Jean y Compañía, S. en C. 0aBreach of contractzMexico. c37524d37524